000 00307nam a2200121Ia 4500
005 20251222143211.0
008 251222s9999||||xx |||||||||||||| ||spa||
082 _a639.094.6/I59
245 0 _aGuía para la Incubación y Alevinaje de Trucha Arcoris:
250 _a1ra.ed.
264 _bIMARPE
942 _cLIB
999 _c13434
_d13434